Latina didaxis XI
שמור ב:
| מחבר ראשי: | |
|---|---|
| פורמט: | ספר |
| שפה: | לטינית |
| יצא לאור: |
Génova
Compagnia dei Librai
1996
|
| סדרה: | Pubblicazioni del Darficlet, 165
|
| נושאים: | |
| תגים: |
הוספת תג
אין תגיות, היה/י הראשונ/ה לתייג את הרשומה!
|
MARC
| LEADER | 00000nam a2200000 a 4500 | ||
|---|---|---|---|
| 001 | UCP1151 | ||
| 003 | CL-VaPUC | ||
| 008 | 990401e19960000IT |||||||||||||||||lat|d | ||
| 082 | 0 | 4 | |a 470 |b ROC |2 21 |
| 100 | 0 | |a Rocca, Silvana |e author |9 427015 | |
| 245 | 1 | 0 | |a Latina didaxis XI |
| 300 | |a 204 p | ||
| 942 | |c BK | ||
| 945 | |d 19990401 00:00:00 |a rbrito | ||
| 260 | |a Génova |b Compagnia dei Librai |c 1996 | ||
| 600 | 0 | |a Séneca, Lucio Anneo |9 313328 | |
| 650 | 0 | |a Latín |9 269544 | |
| 650 | 0 | |a Enseñanza del latín |9 367682 | |
| 650 | 0 | |a Enseñanza de idiomas |9 339820 | |
| 650 | 0 | |a Crítica e interpretación |9 255042 | |
| 583 | |a last modification |c 19990401 00:00:00 |k Rodrigo Vera | ||
| 490 | 0 | |a Pubblicazioni del Darficlet, 165 | |
| 999 | |c 279863 |d 279861 | ||
| 952 | |0 0 |1 0 |4 0 |6 470_000000000000000_ROC_1996 |7 0 |8 A |9 319692 |a BIBHIS |b BIBHIS |d 2019-11-20 |i 3507289 |o 470 ROC 1996 |p 3507289 |r 2025-01-20 |w 2019-11-20 |y BK |k HIS | ||